00765nam a2200205Ia 4500003000900000005001700009008004100026040003100067040001300098041000800111100003100119245001900150260002000169300001900189490002100208520020100229942001200430999001700442952010000459IT-RoPAU20220918175928.0120407s9999 xx 000 0 und d aIT-RoPAUc20140322113917.0 cIT-RoPAU aita aFiglie di San Paolo916937 aRegola di vita c1975aFSPbAlba a82 p.c15,5 cm aEdizioni Paoline aIndice Presentazione Vocazione ecclesiale Missione apostolica Spirito animatore e modelli di vita Comunione di vita Vita di preghiera Consacrazione Il carisma dell'autorità€ Fino alla sua venuta cBK2ddc c36897d36897 00102ddc406P_D371aPAULUSbPAULUSd2012-04-11l0oP D3r2012-04-11 00:00:00w2012-04-11yBK